00999nam a2200265Ia 4500001000600000003000500006008004100011010001100052040000900063090001600072100004500088245019200133260004100325300002000366502008000386650003000466650003400496901001600530902000600546910000900552942000600561942000600567999001900573952014100592Z_449CHAP220113s1977 xx 000 0 und d a163426 cCHAP aTesis G 154 aGuerra Márquez, Carlos Humberto951147 aProyecto para instalación y operación de seis plantas enfriadoras de leche en el programa de apoyo a la cuenca lechera de los Altos de Jalisco /cpor Carlos Humberto Guerra Márquez aChapingo, Méx. :bEl autor,c1977 a126 h. apénd. aTesis (Ing. Agrónomo Esp. en Zootecnia) -- ENA. Departamento de Zootecnia 7aPlantas lecheras2989014 aProyectos industriales992531 aTESIS G 154 aM a1977 c2 c2 c163426d163426 00102local4051708TESISaZbZd2005-11-09eEl autorl0oTesis G84 154 1977p5101000223r2022-01-18 00:00:00tEj.1w2022-01-18yTESIS